000 01160cam a2200349 a 4500
001 10195562
003 ARRUPE
005 20131217132551.0
008 120623s2012 rh ab b 000 0 eng
010 _a 2012314188
020 _a9780797442153
020 _a0797442154
035 _a(OCoLC)ocn801220155
035 _a(OCoLC)801220155
035 _a(NNC)10195562
040 _aDLC
_beng
_cDLC
042 _alcode
_apcc
043 _af-rh---
050 0 0 _aDT2998.
_bM951 2012
100 1 _aMukonori, Fidelis,
_d1947-
_95823
245 1 4 _aThe genesis of violence in Zimbabwe /
_cFidelis Mukonori.
260 _aHarare :
_bCentre for Peace Initiatives in Africa,
_cc2012.
300 _a113 p. :
_bill., maps ;
_c21 cm.
504 _aIncludes bibliographical references (p. 112-113).
650 0 _aPolitical violence
_zZimbabwe
_xHistory.
_95824
650 0 _aPolitical persecution
_zZimbabwe
_xHistory.
_95825
651 0 _aZimbabwe
_xPolitics and government.
_95826
856 4 1 _3Table of contents only
_uhttp://catdir.loc.gov/catdir/toc/fy13pdf02/2012314188.html
942 _2lcc
_cMONOGRAPH
948 1 _a20130306
_bc
_chew2
_dMPS
999 _c119302
_d119302